Numerical Tool for Analysis of Frame Structures

Guardado en:
Detalles Bibliográficos
Autor principal: Šťastná, Vanesa (Autor)
Otros Autores: Bekö, Adrián (Orientador)
Formato: Manuscrito Libro
Lenguaje:eslovaco
inglés
Publicado: 2025
Materias:
Acceso en línea:http://is.stuba.sk/zp/portal_zp.pl?podrobnosti=194386
CRZP
Etiquetas: Agregar Etiqueta
Sin Etiquetas, Sea el primero en etiquetar este registro!

MARC

LEADER 00000ntm a22000003a 4500
001 stuzp105265
003 SK-STU
005 20250801111145.6
007 ta
008 150427s2015----xo-----f-mn---000-0-slo-d
040 |a STU  |b slo 
041 0 |a eng 
100 1 |a Šťastná, Vanesa  |u 010250  |4 aut  |U SvF Stavebná fakulta  |T SvF Katedra stavebnej mechaniky  |X 121209  |U V250  |Y 26  |7 121209 
242 0 1 |a Numerický Nástroj na Analýzu Rámových Konštrukcií  |y slo 
245 1 0 |a Numerical Tool for Analysis of Frame Structures 
260 |c 2025 
650 4 |a Analýza  |2 slo 
650 4 |a Rám  |2 slo 
650 4 |a Metóda konečných prvkov (FEM)  |2 slo 
650 4 |a Finite element method (FEM)  |2 eng 
650 4 |a Analysis  |2 eng 
650 4 |a Frame  |2 eng 
700 1 |a Bekö, Adrián  |u 010250  |k Z1  |4 ths  |U SvF Stavebná fakulta  |T SvF Katedra stavebnej mechaniky  |X 38274  |U V250  |Y 26  |7 A000038274 
856 4 |u http://is.stuba.sk/zp/portal_zp.pl?podrobnosti=194386 
856 4 |u https://opac.crzp.sk/?fn=detailBiblioForm&sid=4013D2F8FE5692F45DCD2D4F6B33  |z CRZP